000 00649nam a22002177a 4500
005 20260618113559.0
010 _aENG-148955
020 _a9789390683000
_c500.00
035 _aEN-132487
037 _bANAMIKA PRAKASHAN
037 _bDBAD
_aDPL
082 _a881 TRI
100 _aTRIPATHI, KESHARI NATH
245 _aDESTIATION JESUS/
_cBy KESHARI NATH TRIPATHI
260 _aALLAHABAD
_bANAMIKA PRAKASHAN
_c2021
270 _a52, TULARAM BAGH,
_bALLABAD
_e211006
300 _a184240p.
_b21cm(pb)
700 _989424
942 _2ddc
_cEN
_h881
_mTRI
999 _c216733
_d216733